| 000 | 00672nam a2200217Ia 4500 | ||
|---|---|---|---|
| 003 | OSt | ||
| 005 | 20230413105513.0 | ||
| 008 | 210423s2006 xx 000 0 und d | ||
| 020 | _a978-81-250-2895-6 | ||
| 040 | _cAL | ||
| 041 | _aeng | ||
| 082 |
_a305.56 _223 _bOMVD |
||
| 100 |
_aOMVEDT (Gail) _987723 |
||
| 245 | _aDalit visions: the anti caste movement and the construction of an Indian identity Rev Ed | ||
| 260 |
_aNew Delhi _bOrient Blackswan _c2006 |
||
| 300 |
_axi,108 _bPB |
||
| 365 |
_b425 _cINR |
||
| 650 |
_aSocial Groups _987724 |
||
| 906 | _aan ; anti ; caste ; construction ; Dalit ; identity ; Indian ; movement ; Rev ; visions: | ||
| 942 |
_2ddc _cBK |
||
| 999 |
_c169880 _d169880 |
||